000 00295nam a22001217a 4500
008 160613b xxu||||| |||| 00| 0 eng d
020 _a9780801666476
020 _a0801666473
041 _aeng
080 _a618.2
245 _aBasic geriatric nursing:
_cGloria Wold RN,BSN, MS;
942 _2udc
_cBK
999 _c2461
_d2461